=LDR 00000nam 2200000 4500 =001 INLIS000000000049692 =005 20210325090755 =035 ##$$a 0010-031700000000137 =008 210325################g##########0#ind## =040 ##$$a NBPDMAT =082 ##$$a 382.4 =084 ##$$a 382.4 set m =100 #$$a Setiawan =245 1#$$a Mengenal komonditas unggulan /$c Setiawan =260 ##$$a Surakarta :$b Aryhaeko Sinergi Persada,$c 2014 =300 ##$$a 120 hlm . : $b ilus , ; $c 21x14 cm =650 #4$$a Komonditas Ekspor =250 ##$$a cet.1 =990 ##$$a 21603210 =990 ##$$a 21603211 =990 ##$$a 21603212 =990 ##$$a 21603213 =990 ##$$a 21603214